Siyasi partiler ve seçim kanunları ile yüksek seçim kurulu karar özetleri (Record no. 3584)
[ view plain ]
| 000 -BAŞLIK | |
|---|---|
| Sabit Uzunlukta Kontrol Alanı | 00923na a2200289 4500 |
| 001 - KONTROL NUMARASI | |
| Denetim Alanı | 16872 |
| 003 - KONTROL NUMARASI IDENTIFIER | |
| Denetim Alanı | MIRAKIL |
| 005 - SON İŞLEM TARİHİ VE ZAMANI | |
| Denetim Alanı | 20181213154936.0 |
| 008 - SABİT-BOY VERİ ELEMANLARI - GENEL BİLGİLER | |
| Sabit Uzunlukta Kontrol Alanı | 161020b tu 000 0 |
| 020 ## - ULUSLARARASI STANDART KİTAP NUMARASI | |
| Uluslararası Standart Kitap Numarası | 9758464329 |
| 035 ## - SİSTEM KONTROL NUMARASI | |
| Sistem Kontrol Numarası | 16872 |
| 040 ## - KATALOGLAMA KAYNAK | |
| Orijinal Kataloglama Ajansı | Milas |
| Kataloglama Dili | tur |
| Metne Dönüştürmek Ajansı | TR-AnCHP |
| 041 ## - DİL KODU | |
| Metin / Ses Parça Veya Ayrı Başlığın Dil Kodu | tur |
| 082 ## - DEWEY ONLU SINIFLANDIRMA NUMARASI | |
| Sınıflandırma Numarası | 342.07026 |
| Ürün Numarası | T25s 2003 |
| 090 ## - SINIFLAMA NUMARASI | |
| Sınıflama Numarası | 342.07026 T25s 2003 |
| 100 ## - ANA GİRİŞ - KİŞİSEL İSİM | |
| Kişisel Ad | Tandoğan, Mahmut |
| 245 ## - BAŞLIK TABLOSU | |
| Başlık | Siyasi partiler ve seçim kanunları ile yüksek seçim kurulu karar özetleri |
| Sorumluluk Tablosu, Vb | Mahmut Tandoğan |
| 246 ## - UNVAN FORM VARYING | |
| Başlık Doğru / Kısa Başlığı | Siyasi partiler ve seçim kanunları |
| 260 ## - YAYIN, DAĞITIM, VB | |
| Yayın, Dağıtım, Vb Yeri | Ankara |
| Yayıncı, Dağıtıcı, Vs Adı | [yayl.y.] |
| Yayın, Dağıtım, Vb Tarihi | 2003 |
| 300 ## - FİZİKSEL TANIM | |
| Kapsam | iv, 322 s. |
| Boyutlar | 19 sm. |
| 610 ## - KONU KATMA GİRİŞ - TOPLANTI ADI | |
| Giriş Elemanı Olarak Kurumsal Ad Veya Yargı Alanı Adı | Yüksek Seçim Kurulu (YSK) |
| Genel Alt Bölüm | Karar özetleri |
| 650 ## - KONU KATMA GİRİŞ - TOPİKAL DÖNEM | |
| Topikal Süreli Veya Coğrafi Ad Giriş Elemanı | Anayasa ve İdare hukuku |
| Genel Alt Bölümü | Seçim hukuku |
| Coğrafi Alt Bölümü | Türkiye |
| 650 ## - KONU KATMA GİRİŞ - TOPİKAL DÖNEM | |
| Topikal Süreli Veya Coğrafi Ad Giriş Elemanı | Siyasal partiler |
| Genel Alt Bölümü | Hukuk ve mevzuat |
| Coğrafi Alt Bölümü | Türkiye |
| 942 ## - EKLENDİ GİRİŞ ELEMANLARI (KOHA) | |
| Sınıflandırma Veya Raf Düzeni Kaynak | Dewey Decimal Classification |
| Koha Öğesi Türü | Books |
| 999 ## - SİSTEM KONTROL NUMARALARI (KOHA) | |
| Koha Biblionumber | 3584 |
| Koha Biblioitemnumber | 3584 |
| 657 ## - INDEX SÜRE - İŞLEVİ | |
| -- | Siyasi partiler kanunu |
| 657 ## - INDEX SÜRE - İŞLEVİ | |
| -- | Milletvekili seçimi kanunu |
| Kalıcı Konum | Mevcut Konum | Edinme Tarihi | Edinim Kaynak | Toplam Check-Out'Lar | Tam Çağrı Numarası | Barkod | Tarih Son Görülme | İtibaren Geçerli Fiyatlar | Koha Öğesi Türü | Kopya Sayısı |
|---|---|---|---|---|---|---|---|---|---|---|
| CHP Kütüphanesi | CHP Kütüphanesi | 10/16/2016 | Bağış | 342.07026 T25s 2003 | 001448 | 10/16/2016 | 10/16/2016 | Books | ||
| CHP Kütüphanesi | CHP Kütüphanesi | 10/16/2016 | Bağış | 342.07026 T25s 2003 | 005370 | 10/16/2016 | 10/16/2016 | Books | k.2 |
